000 00875cab a22001935a 4500
001 L138548
008 070620e20070615xxkao f 000 0 eng d
035 _a(Sirsi) u138548
041 0 _aeng
100 1 _aKing, Alistair
245 0 0 _aHere's one for the kids
260 _c2007
490 _aBuilding Magazine
_v15 June 2007
520 _aReports recent developments in off-site manufacture. Examines a modular classroom designed by Willmott Dixon. It is designed to be quick to build, affordable, carbon-neutral, and constructed off-site. Describes the use of timber-frame student accommodation designed by pods. Addresses logistical issues including connecting services, transport planning and building elements.
590 _aKA
651 4 _aUnited Kingdom
_y
690 _aBUILT ENVIRONMENT-CONSTRUCTION MANAGEMENT-CONSTRUCTION DESIGN AND MANAGEMENT
942 _n0
999 _c78908
_d78908